000
00349nam a22001577a 4500
020
_a
978-93-89573-22-0
041
_a
ENG
100
_a
Rao.G.S
245
_a
Ethics,Integrity and Aptitude
250
_a
5 th
260
_a
New Delhi
_b
G.K Pub
_c
2018
300
_a
27.91
650
_a
UPSC
700
_a
Chowdhury.P.N
856
_u
Competitive Exam
999
_c
228
_d
228